| 000 | 00374pab a2200157 454500 | ||
|---|---|---|---|
| 008 | 180718b2009 xxu||||| |||| 00| 0 eng d | ||
| 100 | _aArun Kumar | ||
| 245 | _aEconomic agenda: global crisis calls for fresh thinking | ||
| 260 | _c2009 | ||
| 300 | _ap.7-8. | ||
| 362 | _a4 Jul | ||
| 650 | _aEconomic recession | ||
| 773 | _aMainstream | ||
| 908 | _aN | ||
| 909 | _a82985 | ||
| 999 |
_c82985 _d82985 |
||